ბათუმის შოთა რუსთაველის სახელმწიფო უნივერსიტეტის ბიბლიოთეკა

ქართული ენა : (სინტაქსი, პუნქტუაცია, მეტყველების განვითარება) : (ბიბ.ჩანაწერი № 53437)

000 -ლიდერი
ფიქსირებული სიგრძის საკონტროლო ველი 01526nam a2200301Ia 4500
001 - საკონტროლო ნომერი
საკონტროლო ველი 20481
003 - საკონტროლო ნომრის იდენტიფიკატორი
საკონტროლო ველი GE_BSU
005 - ბოლო ოპერაციის თარიღი და დრო
საკონტროლო ველი 20210103221725.0
008 - ფიქსირებული სიგრძის მონაცემთა ელემენტები - ზოგადი ინფორმაცია
ფიქსირებული სიგრძის საკონტროლო ველი 181216s1991||||ge |||||||||||||| ||geo||
040 ## - კატალოგიზაციის წყარო
Transcribing agency GE_BSU
041 ## - ენის კოდი
Language code of text/sound track or separate title geo
080 ## - უნივერსალური ათობითი კლასიფიკაციის ინდექსი
Universal Decimal Classification number 811.353.1-8(075.3) შ-21
100 ## - მთავარი ჩანაწერი - პიროვნების სახელი
Personal name შანიძე, აკაკი
9 (RLIN) 9968
245 ## - ცნობა სათაურის შესახებ
Title ქართული ენა : (სინტაქსი, პუნქტუაცია, მეტყველების განვითარება) :
Remainder of title მე-8 კლასის სახელმძღვანელო /
Statement of responsibility, etc აკაკი შანიძე, ლ. კვაჭაძე ; რედ. ე. პოლოლიკაშვილი, ნ. სუხიტაშვილი.
250 ## - გამოცემის ცნობა
Edition statement მე-4 გამოცემა
264 ## - წარმოების, გამოცემის, დისტრიბუციის და სხვა ცნობები
გამოცემის, წარმოების, დისტრიბუციის... ადგილი თბილისი :
გამოცემის, წარმოების, დისტრიბუციის... სახელწოდება განათლება,
გამოცემის, წარმოების, დისტრიბუციის... თარიღი 1991.
300 ## - ფიზიკური აღწერა
Extent 92 გვ. ;
Dimensions 20 სმ.
653 ## - INDEX TERM--UNCONTROLLED
Uncontrolled term მე-8 კლასის სახელმძღვანელო
653 ## - INDEX TERM--UNCONTROLLED
Uncontrolled term ქართული ენა
653 ## - INDEX TERM--UNCONTROLLED
Uncontrolled term სინტაქსი
653 ## - INDEX TERM--UNCONTROLLED
Uncontrolled term პუნქტუაცია
653 ## - INDEX TERM--UNCONTROLLED
Uncontrolled term მეტყველების განვითარება
700 ## - ADDED ENTRY--PERSONAL NAME
Personal name კვაჭაძე, ლ.
Relator term ავტორი
9 (RLIN) 9969
700 ## - ADDED ENTRY--PERSONAL NAME
Personal name პოლოლიკაშვილი, ე.
Relator term რედაქტორი
9 (RLIN) 4959
700 ## - ADDED ENTRY--PERSONAL NAME
Personal name სუხიტაშვილი, ნ.
Relator term რედაქტორი
9 (RLIN) 9970
942 ## - ADDED ENTRY ELEMENTS (KOHA)
Koha item type წიგნი
Source of classification or shelving scheme
ეგზემპლარები
ჩამოწერის სტატუსი დაკარგული ეგზემპლარის სტატუსი კლასიფიკაციის წყარო ან თაროზე გაწყობის სქემა დაზიანების სტატუსი არ გაიცემა მუდმივი მდებარეობა (დაცვის ადგილი) ამჟამინდელი ადგილსამყოფელი თაროზე განთავსების ადგილი შეძენის თარიღი ღირებულება, შესყიდვის ნორმალური ფასი სრული შენახვის შიფრი შტრიხკოდი ბოლო ოპერაციის თარიღი ეგზემპლარის მიმდევრობითი ნომერი (კეტერი?) ფასის ძალაში შესვლის თარიღი ეგზემპლარის სახეობა საჯარო შენიშვნა
          ბათუმის შოთა რუსთაველის სახელმწიფო უნივერსიტეტის მთავარი ბიბლიოთეკა ბათუმის შოთა რუსთაველის სახელმწიფო უნივერსიტეტის მთავარი ბიბლიოთეკა წიგნსაცავი 2018-12-17 2.40 811.353.1-8(075.3) შ-21 53476 2018-12-17 53476 2018-12-17 წიგნი 2.40 ლ.
          ბათუმის შოთა რუსთაველის სახელმწიფო უნივერსიტეტის მთავარი ბიბლიოთეკა ბათუმის შოთა რუსთაველის სახელმწიფო უნივერსიტეტის მთავარი ბიბლიოთეკა წიგნსაცავი 2018-12-17 2.40 811.353.1-8(075.3) შ-21 53477 2018-12-17 53477 2018-12-17 წიგნი 2.40 ლ.